| 000 | 00913nas a2200289 4500 | ||
|---|---|---|---|
| 001 | BR2015006658 | ||
| 003 | BR-BrBNA | ||
| 005 | 20231205125928.0 | ||
| 007 | ta | ||
| 008 | 230509b bl.|||p| |||| 00| 00por d | ||
| 040 |
_aBR-BrBNA _bpor _cBiblioteca Nacional de Agricultura |
||
| 041 | _a(Pt) | ||
| 072 | _aF50; F60 | ||
| 100 | 1 | _aRossatto, D.R. | |
| 100 | 1 | _aHoffmann, W.A. | |
| 100 | 1 | _aFranco, A.C. | |
| 245 | 1 | _aCaracterísticas estomáticas de pares congenéricos de cerrado e mata de galeria crescendo numa região transicional no Brasil Central | |
| 650 | _aESTOMATO | ||
| 650 | _aTRANSPIRAÇÃO VEGETAL | ||
| 650 | _aANATOMIA VEGETAL | ||
| 650 | _aESPÉCIE | ||
| 650 | _aMATA | ||
| 650 | _aCERRADO | ||
| 773 | 0 |
_tActa Botanica Brasilica (Brazil) _xISSN 0102-3306 _g(Apr- Jun 2009), v. 23(2) p. 499-508 _wBR2015006658 |
|
| 909 |
_a202311 _bLúcia _c55 _dLúcia Elande |
||
| 942 |
_2AGRIS _n0 _cANA |
||
| 999 |
_c246944 _d246944 |
||